| 000 | 00804nac a22002771i 4500 | ||
|---|---|---|---|
| 003 | EG-ScBUE | ||
| 005 | 20221205104817.0 | ||
| 008 | 221205s2003 ko a f 000 0 eng d | ||
| 020 | _a898722337X | ||
| 020 | _a9788987223377 | ||
| 040 |
_aEG-ScBUE _beng _erda _cEG-ScBUE _dEG-ScBUE |
||
| 041 | 0 |
_aeng _achi |
|
| 082 | 0 | 4 |
_a725.8 _222 _bINT |
| 245 | 1 | 0 | _aInternational convention center JEJU. |
| 246 | _aICC JEJU | ||
| 264 | 1 |
_aSeoul,Korea (South) : _bArchiworld, _c2003. |
|
| 300 |
_a125 pages : _bcolor illustrations ; _c23 cm |
||
| 336 |
_2rdacontent _atext _btxt |
||
| 337 |
_2rdamedia _aunmediated _bn |
||
| 338 |
_2rdacarrier _avolume _bnc |
||
| 546 | _aText in English and Chinese. | ||
| 650 | 7 |
_aConvention _xFacilities. _2BUEsh |
|
| 653 | _bENGARC | ||
| 655 | _vReading book | ||
| 942 |
_cBB _2ddc |
||
| 999 |
_c3201 _d3201 |
||